<The> new monetary policy

Gespeichert in:
Bibliographische Detailangaben
Weitere Verfasser: Arestis, Philip, Baddeley, Michelle, McCombie, John
Format: Buch
Sprache:Englisch
Veröffentlicht: Cheltenham Edward Elgar 2005
Schlagworte:
Tags: Tag hinzufügen
Keine Tags, Fügen Sie das erste Tag hinzu!

MARC

LEADER 00000nam$a2200000$$$4500
001 0041538
005 20240104133949.0
020 |a 1-84376-954-9 
041 0 |a eng 
044 |a GB 
245 1 0 |a <The> new monetary policy  |c edited by Philip Arestis, Michelle Baddeley, John McCombie 
264 1 |a Cheltenham  |b Edward Elgar  |c 2005 
300 |a vii, 253 s. 
610 2 0 |a politika menová 
610 2 0 |a banky centrálne 
610 2 0 |a rovnováha 
610 2 0 |a stabilita meny 
610 2 0 |a Európska únia 
610 2 0 |a ceny 
610 2 0 |a Európska centrálna banka 
610 2 0 |a mena 
610 2 0 |a inflácia 
610 2 0 |a banky 
700 1 |a Arestis, Philip 
700 1 |a Baddeley, Michelle 
700 1 |a McCombie, John